书目信息 |
| 题名: |
材料加工过程控制技术
|
|
| 作者: | 王香 , 马旭梁 编著 | |
| 分册: | ||
| 出版信息: | 哈尔滨 哈尔滨工业大学出版社 2006.08 |
|
| 页数: | 268页 | |
| 开本: | 23cm | |
| 丛书名: | ||
| 单 册: | ||
| 中图分类: | TB3 | |
| 科图分类: | ||
| 主题词: | 工程材料--gong cheng cai liao--加工--过程控制--高等学校--教材 | |
| 电子资源: | ||
| ISBN: | 7-5603-2417-7 | |
| 000 | 01136nam0 2200265 450 | |
| 001 | 012007448977 | |
| 005 | 20071108100500.17 | |
| 010 | @a7-5603-2417-7@dCNY23.00 | |
| 100 | @a20071107d2006 km y0chiy0120 ea | |
| 101 | 0 | @achi |
| 102 | @aCN@b230000 | |
| 105 | @aa z 000yy | |
| 106 | @ar | |
| 200 | 1 | @a材料加工过程控制技术@Acai liao jia gong guo cheng kong zhi ji shu@d= Control technology of material machining process@f王香, 马旭梁编著@Fwang xiang,ma xu liang bian zhu@zeng |
| 210 | @a哈尔滨@c哈尔滨工业大学出版社@d2006.08 | |
| 215 | @a268页@c图@d23cm | |
| 300 | @a“十五”国家重点图书 | |
| 330 | @a本书内容由三部分组成,第一部分是自动控制系统,包括控制系统概念、控制系统的数学模型,控制系统的时域分析;第二部分是过程控制仪表,包括检测仪表及变送器,显示仪表,调节顺和执行器;第三部分是过程控制在材料加工中的应用。 | |
| 510 | 1 | @aControl technology of material machining process@zeng |
| 606 | 0 | @a工程材料@Agong cheng cai liao@x加工@x过程控制@x高等学校@j教材 |
| 690 | @aTB3@v4 | |
| 701 | 0 | @a王香@Awang xiang@4编著 |
| 701 | 0 | @a马旭梁@Ama xu liang@4编著 |
| 801 | 0 | @aCN@b@c20071108 |
| 905 | @b265614-16@dTB3@eW402@f3 | |
| 材料加工过程控制技术= Control technology of material machining process/王香, 马旭梁编著.-哈尔滨:哈尔滨工业大学出版社,2006.08 |
| 268页:图;23cm |
| “十五”国家重点图书 |
| ISBN 7-5603-2417-7:CNY23.00 |
| 本书内容由三部分组成,第一部分是自动控制系统,包括控制系统概念、控制系统的数学模型,控制系统的时域分析;第二部分是过程控制仪表,包括检测仪表及变送器,显示仪表,调节顺和执行器;第三部分是过程控制在材料加工中的应用。 |
| ● |
| 相关链接 |
|
|
|
正题名:材料加工过程控制技术
索取号:TB3/W402
 
预约/预借
| 序号 | 登录号 | 条形码 | 馆藏地/架位号 | 状态 | 备注 |
| 1 | 265614 | 202656143 | 自科库501/501自科库 9排1列4层/ [索取号:TB3/W402] | 在馆 | |
| 2 | 265615 | 202656152 | 自科库501/501自科库 9排1列4层/ [索取号:TB3/W402] | 在馆 | |
| 3 | 265616 | 202656161 | 自科库501/501自科库 9排1列4层/ [索取号:TB3/W402] | 在馆 |